昆虫纲下属各目 All orders of the class Insecta - Statistics

General Stats
  • This quiz has been taken 24 times
  • The average score is 15 of 29
Answer Stats
英文名 现存种数 代表物种类型 % Correct
鳞翅目 Lepidoptera 157338 蝴蝶/蛾
100%
鞘翅目 Coleoptera 386500 甲虫
94%
双翅目 Diptera 155477 蚊/蝇
89%
膜翅目 Hymenoptera 116861 蜂/蚁
89%
蜚蠊目 Blattodea 7314 蟑螂/白蚁
78%
蜉蝣目 Ephemeroptera 3240 蜉蝣(螶𧎾)
72%
螳螂目 Mantodea 2400 螳螂
72%
蜻蛉目 Odonata 5899 蜻蜓/豆娘
67%
竹节虫(䗛)目 Phasmatodea 3014 竹节虫
67%
虱毛(虱)目 Phthiraptera 3000 虱子
67%
蚤目 Siphonaptera 2075 跳蚤
67%
直翅目 Orthoptera 23855 蝗虫/蟋蟀/蚱蜢
61%
衣鱼目 Zygentoma 560 衣鱼
56%
半翅目 Hemiptera 103590 蝉/蚜虫
50%
蛩蠊目 Grylloblattodea 34 蛩蠊
44%
螳䗛目 Mantophasmatodea 15 螳䗛
44%
捻翅(𧎥)目 Strepsiptera 609 捻翅虫
39%
缺翅目 Zoraptera 37 缺翅虫
39%
古口(石蛃)目 Archaeognatha 513 石蛃
33%
蛇蛉目 Raphidioptera 254 蛇蛉
33%
毛翅目 Trichoptera 14391 石蛾
28%
革翅目 Dermaptera 1978 蠼螋
28%
脉翅目 Neuroptera 5868 草蛉
22%
缨翅目 Thysanoptera 5864 蓟马(刺马)
22%
啮虫目 Psocodea 5500 书虱/树虱
22%
长翅目 Mecoptera 757 蝎蛉
22%
𫌀翅目 Plecoptera 3743 石蝇
17%
纺足目 Embioptera 463 丝蚁
17%
广翅目 Megaloptera 354 齿蛉/泥蛉
17%
No matching quizzes found
Score Distribution
Percent of People with Each Score
Percentile by Number Answered
Your Score History
You have not taken this quiz